Online
Catalog

Muerte de un presidente : (Record no. 11372)

MARC details
000 -CABECERA
campo de control de longitud fija 01058nam a2200265 a 4500
001 - NÚMERO DE CONTROL
campo de control 000011687
005 - FECHA Y HORA DE LA ÚLTIMA TRANSACCIÓN
campo de control 20200929162528.0
008 - DATOS DE LONGITUD FIJA--INFORMACIÓN GENERAL
campo de control de longitud fija 091023s1967 sp be 000 0 spa d
040 ## - FUENTE DE LA CATALOGACIÓN
Centro catalogador/agencia de origen DO-SdBNP
Lengua de catalogación spa
Centro/agencia transcriptor BNPHU
041 17 - CÓDIGO DE LENGUA
Código de lengua del texto/banda sonora o título independiente spa
Código de lengua original eng
Fuente del código Código de idioma MARC
082 ## - NÚMERO DE LA CLASIFICACIÓN DECIMAL DEWEY
Número de clasificación 923.1
Número de documento/Ítem M268m, 1967
049 ## - FONDOS LOCALES (OCLC)
Fondos de biblioteca BNGR
100 1# - ENTRADA PRINCIPAL--NOMBRE DE PERSONA
Nombre de persona Manchester, William,
Forma completa/desarrollada del nombre (William Raymond)
Fechas asociadas al nombre 1922-2004
9 (RLIN) 27700
240 14 - TÍTULO UNIFORME
Título uniforme The death of a President
Lenguaje de la obra español
245 10 - MENCIÓN DE TÍTULO
Título Muerte de un presidente :
Resto del título 20 de noviembre - 25 de Noviembre 1963 /
Mención de responsabilidad, etc. William Manchester ; traducción, Luis Carandell.
250 ## - MENCIÓN DE EDICIÓN
Mención de edición 2a ed.
260 ## - PUBLICACIÓN, DISTRIBUCIÓN, ETC.
Lugar de publicación, distribución, etc. Barcelona :
Nombre del editor, distribuidor, etc. Noguer,
Fecha de publicación, distribución, etc. 1967.
300 ## - DESCRIPCIÓN FÍSICA
Extensión 754, [11] p. :
Otras características físicas mapas, planos, ;
Dimensiones 22 cm.
500 ## - NOTA GENERAL
Nota general Incluye notas al pie de las páginas
534 ## - NOTA SOBRE LA VERSIÓN ORIGINAL
Frase introductoria Título original en inglés:
Mención de título del original The death of a President
600 14 - PUNTO DE ACCESO ADICIONAL DE MATERIA--NOMBRE DE PERSONA
Nombre de persona KENNEDY, JHON F.,
Fechas asociadas al nombre 1917-1963
Subdivisión general BIOGRAFÍA
9 (RLIN) 27701
651 #4 - PUNTO DE ACCESO ADICIONAL DE MATERIA--NOMBRE GEOGRÁFICO
Nombre geográfico Estados Unidos
Subdivisión general Presidente(1961-1963: Kennedy{Rpara}
9 (RLIN) 27702
650 #4 - PUNTO DE ACCESO ADICIONAL DE MATERIA--TÉRMINO DE MATERIA
Término de materia o nombre geográfico como elemento de entrada Presidentes
Subdivisión geográfica Estados Unidos
Subdivisión general Biografías
9 (RLIN) 27703
700 1# - PUNTO DE ACCESO ADICIONAL--NOMBRE DE PERSONA
Nombre de persona Carandell, Luis,
Término indicativo de función/relación tr.
9 (RLIN) 27704
Holdings
Estado de retiro Estado de pérdida Restricciones de uso No para préstamo Código de colección Localización permanente Ubicación/localización actual Ubicación en estantería Fecha de adquisición Número de inventario Total de préstamos Signatura topográfica completa Código de barras Fecha visto por última vez Precio válido a partir de Tipo de ítem Koha
    Préstamo interno   Monografías: Libros y Folletos General General En catalogación 23.10.2009 LF1   923.1 M268m, 1967 11687-10 25.06.2020 25.06.2020 Préstamo interno

Powered by Koha